[Event "NRW-ch U18 Girls"]
[Site "Kranenburg"]
[Date "2008.03.26"]
[Round "4"]
[White "Schibelbein, Else"]
[Black "Wolff, Christina"]
[Result "1/2-1/2"]
[WhiteElo "1534"]
[BlackElo "973"]
[PlyCount "101"]
[EventDate "2008.03.24"]
[EventType "swiss"]
[EventRounds "7"]
[EventCountry "GER"]
[SourceTitle "EXT 2009"]
[Source "ChessBase"]
[SourceDate "2008.11.26"]
[SourceVersion "1"]
[SourceVersionDate "2008.11.26"]
[SourceQuality "1"]

1. c4 c5 2. b3 e5 3. Bb2 Nc6 4. e3 Nf6 5. Ne2 d5 6. cxd5 Qxd5 7. Nbc3 Qd8 8. h3 Be6 9. d3 Be7 10. Rc1 b6 11. Ng3 a6 12. Be2 b5 13. Nce4 Nd7 14. 0-0 Rc8 15. d4 cxd4 16. exd4 exd4 17. Bxd4 Nxd4 18. Qxd4 Nf6 19. Qb2 0-0 20. Rfd1 Qb6 21. Bd3 Bd5 22. Nf5 Qb7 23. Nxe7+ Qxe7 24. Nxf6+ Qxf6 25. Qb1 g6 26. Rxc8 Rxc8 27. f3 Qb6+ 28. Kf1 a5 29. Bxg6 hxg6 30. Rxd5 Rc5 31. Rxc5 Qxc5 32. Qd3 a4 33. bxa4 bxa4 34. Ke1 Qe5+ 35. Qe2 Qa1+ 36. Kf2 Qd4+ 37. Kg3 Qd6+ 38. f4 Qa3+ 39. Kh2 Qb4 40. Qe8+ Kg7 41. Qe5+ Kh7 42. h4 Qa3 43. Qe2 Qb4 44. g3 a3 45. Kh3 Qb2 46. Qc4 Kg7 47. Qd5 Qf2 48. Qe5+ Kg8 49. Qe8+ Kg7 50. Qe5+ Kg8 51. Qe8+ 1/2-1/2

[Event "NRW-ch U14 Girls"]
[Site "Wolfsburg"]
[Date "2004.04.17"]
[Round "7"]
[White "Schibelbein, Else"]
[Black "Popov, Xenia"]
[Result "0-1"]
[WhiteElo "737"]
[BlackElo "1010"]
[PlyCount "78"]
[EventDate "2004.04.??"]
[EventType "swiss"]
[EventRounds "7"]
[EventCountry "GER"]
[SourceTitle "EXT 2005"]
[Source "ChessBase"]
[SourceDate "2004.11.15"]
[SourceVersion "1"]
[SourceVersionDate "2004.11.15"]
[SourceQuality "1"]

1. Nf3 Nc6 2. g3 e5 3. e4 Nf6 4. d3 Bc5 5. c3 Qe7 6. Bg5 h6 7. Bxf6 Qxf6 8. Bg2 d6 9. b4 Bb6 10. 0-0 Bg4 11. a4 a5 12. b5 Ne7 13. d4 exd4 14. cxd4 0-0 15. e5 dxe5 16. dxe5 Qg6 17. Qb3 Rfd8 18. Nbd2 Rd7 19. Rad1 Rad8 20. Qa2 Qh5 21. Qb3 Rd3 22. Qc2 Qg6 23. Qc1 Qh5 24. Qc2 c6 25. Nc4 Bf5 26. Qc1 Bc7 27. b6 Bb8 28. Rd2 Qg6 29. Nxa5 R8d7 30. Rfd1 Nd5 31. Rxd3 Bxd3 32. Bh3 Re7 33. Nh4 Qe4 34. Re1 Qb4 35. Nxb7 Nc3 36. Kh1 Rxb7 37. e6 Kf8 38. exf7 Rxf7 39. Kg1 Ne4 0-1